000 00341 a2200157 4500
001 161894
020 _a978-84-8443-132-9
040 _cMagnum
100 _aSans, Neus
240 1 0 _aLa llamada de la habana
_lESP
245 1 0 _aLa llamada de la habana
300 _a46
362 0 _a2009
697 _aLITERATURA ESPANHOLA
942 _cBK
999 _c161894
_d161894